000 00561nam a2200241 a 4500
001 nice12345678
003 IN_TiNIC
005 20260116014604.0
008 050524s2004 newa grp 000 0 eng
020 _a8177555
_c595
082 0 0 _a320.58
_bBUH
100 _aBuhler, G
245 _aLaws of Manu
260 _aNew Delhi
_bCosmo Publications
_c2004
300 _a339p
500 _aincludes index and biblioraphy
505 2 _aIndex
650 _aManu-Laws
700 1 _aBuhler, G
902 _bSRS
942 _cBK
999 _c16103
_d16103